[Event "FICGS W-ch st1 g03 email"]
[Site "FICGS email"]
[Date "2023.07.04"]
[Round "1"]
[White "Fox, Paul"]
[Black "Brodie, Peter"]
[Result "1-0"]
[WhiteElo "2015"]
[BlackElo "1712"]
[PlyCount "29"]
[EventDate "2023.??.??"]
[EventType "tourn (corr)"]
[EventRounds "6"]
[SourceTitle "Corr 2024"]
[Source "ChessBase"]
[SourceDate "2023.10.19"]
[SourceVersion "1"]
[SourceVersionDate "2023.10.19"]
[SourceQuality "1"]

1. e4 e6 2. d4 d5 3. Nc3 Bb4 4. e5 Ne7 5. a3 Bxc3+ 6. bxc3 0-0 7. Bd3 Nd7 8. Qh5 Ng6 9. Nh3 Qe8 10. Ng5 h6 11. Nf3 Ne7 12. Bxh6 gxh6 13. Qxh6 Ng6 14. Ng5 Nf6 15. exf6 1-0

[Event "FICGS class C 000310 email"]
[Site "FICGS email"]
[Date "2023.04.08"]
[Round "1"]
[White "Dyson, John"]
[Black "Brodie, Peter"]
[Result "1-0"]
[WhiteElo "1966"]
[BlackElo "1632"]
[PlyCount "67"]
[EventDate "2023.??.??"]
[EventType "tourn (corr)"]
[EventRounds "4"]
[SourceTitle "Corr 2024"]
[Source "ChessBase"]
[SourceDate "2023.10.19"]
[SourceVersion "1"]
[SourceVersionDate "2023.10.19"]
[SourceQuality "1"]

1. e4 e6 2. d4 d5 3. Nc3 Bb4 4. e5 c5 5. a3 Bxc3+ 6. bxc3 c4 7. Qg4 g6 8. Ne2 h5 9. Qf3 Nc6 10. g3 Nge7 11. Bg2 Nf5 12. Bh3 0-0 13. g4 hxg4 14. Qxg4 Qh4 15. Bg5 Qxg4 16. Bxg4 Ng7 17. h4 f5 18. Bf3 Bd7 19. Kd2 Nh5 20. Bxh5 gxh5 21. Rag1 Kh7 22. Nf4 Rg8 23. Nxh5 Raf8 24. Nf6+ Rxf6 25. Bxf6 Rxg1 26. Rxg1 Kh6 27. Rg8 f4 28. Rh8+ Kg6 29. h5+ Kf7 30. Rh7+ Kg8 31. Rg7+ Kf8 32. h6 Be8 33. h7 Bf7 34. h8Q+ 1-0

[Event "FICGS no engines 125 email"]
[Site "FICGS email"]
[Date "2022.12.31"]
[Round "1"]
[White "Brand Lyard, Paul"]
[Black "Brodie, Peter"]
[Result "0-1"]
[WhiteElo "1400"]
[BlackElo "1632"]
[PlyCount "100"]
[EventDate "2022.??.??"]
[EventType "swiss (corr)"]
[EventRounds "1"]
[SourceTitle "Corr 2024"]
[Source "ChessBase"]
[SourceDate "2023.10.19"]
[SourceVersion "1"]
[SourceVersionDate "2023.10.19"]
[SourceQuality "1"]

1. e4 e6 2. d3 d5 3. e5 Bb4+ 4. c3 Bc5 5. d4 Be7 6. Bb5+ c6 7. Ba4 Bd7 8. Nf3 b5 9. Bc2 h6 10. 0-0 f6 11. Bg6+ Kf8 12. Re1 Be8 13. Nh4 f5 14. Qh5 Bxh4 15. Bxe8 Qxe8 16. Qxh4 Qe7 17. Bg5 Qxg5 18. Qxg5 hxg5 19. Nd2 Nd7 20. b4 Ne7 21. Nf3 g4 22. Nd2 Ng6 23. g3 f4 24. f3 fxg3 25. Re2 Nf4 26. Re3 Rxh2 27. fxg4 Kf7 28. Rxg3 Rah8 29. Rf3 Rh1+ 30. Kf2 Rxa1 31. Rxf4+ Kg6 32. Nf3 Rxa2+ 33. Kg3 Ra3 34. Nh4+ Kg5 35. Rf7 Rxc3+ 36. Nf3+ Kg6 37. Rxd7 Rf8 38. Rxa7 Rfxf3+ 39. Kg2 Rg3+ 40. Kh2 Rxg4 41. Ra6 Rxd4 42. Ra2 Rxb4 43. Kg2 d4 44. Kf2 d3 45. Ke3 Kf5 46. Rg2 Kxe5 47. Rxg7 Re4+ 48. Kd2 Ra3 49. Rc7 Re2+ 50. Kd1 Ra1# 0-1